000 00856nam a2200217Ii 4500
003 JO-AjNU
008 230605s9999||||xx |||||||||||||| ||und||
017 _a2002/6/1028
040 _aJO-AjNU
_bara
_erda
_cJO-AjNU
041 _aara
050 1 4 _aK1169.L3738 2003
100 3 _a اللصاصمة، حسن حرب,
_eauthor
_946427
245 0 0 _aتسوية الخسائر البحرية المشتركة في الفقة الإسلامي والقانون البحري الدولي: دراسة مقارنة
250 _aط1
264 3 1 _aعمان: دار الخليج للنشر والتوزيع، 2003
300 _a348ص
336 _atext
_btxt
_2rdacontent
337 _aunmediated
_bn
_2rdamedia
338 _avolume
_bnc
_2rdacarrier
650 4 _aالخسارات البحرية - القانون البحري - الفقة الاسلامي
_946428
999 _aA20196
_c23764
_d23764